00433 2200169 4500001002100000005001500021035002000036007000300056008004100059082001800100084002400118100001800142245004300160260003500203856001700238990000800255INLIS00000000000309820250731124014 a0010-0725000221ta250731 g 0 ind  a151.1 kha m-2 a151.1 kha m-2 KHA m0 akhabib basori1 ameraih sukses debgan hidup berdisiplin aklaten :bcempaka putih,c2011 akoleksi umum a780